Speedway of Nations Riders - Statistics

General Stats
  • This quiz has been taken 72 times
    23 since last reset
  • The average score is 43 of 102
Answer Stats
Hint Answer % Correct
Australia Chris Holder
94%
Australia Jack Holder
94%
France Dimitri Bergé
89%
Australia Jason Doyle
89%
Great Britain Robert Lambert
89%
Russia Artem Laguta
83%
Poland Bartosz Zmarzlik
83%
France David Bellego
83%
Sweden Fredrik Lindgren
83%
Germany Kai Huckenbeck
83%
Australia Max Fricke
83%
Great Britain Tai Woffinden
83%
Latvia Andžejs Ļebedevs
78%
Great Britain Dan Bewley
78%
Denmark Leon Madsen
78%
Poland Maciej Janowski
78%
Germany Martin Smolinski
78%
Slovenia Matej Žagar
78%
Poland Patryk Dudek
78%
Czech Republic Václav Milík
78%
Denmark Anders Thomsen
72%
Russia Emil Sayfutdinov
72%
Australia Brady Kurtz
67%
Czech Republic Jan Kvěch
67%
Denmark Michael Jepsen Jensen
67%
Denmark Mikkel Michelsen
67%
Sweden Oliver Berntzon
67%
Czech Republic Adam Bednar
61%
Poland Dominik Kubera
61%
Germany Erik Riss
61%
United States Luke Becker
61%
Norway Mathias Pollestad
61%
Ukraine Aleksandr Loktaev
56%
United States Greg Hancock
56%
Denmark Niels-Kristian Iversen
56%
Germany Norick Blödorn
56%
Denmark Rasmus Jensen
56%
Finland Timo Lahti
56%
Sweden Jacob Thorssell
50%
Denmark Kenneth Bjerre
50%
Italy Paco Castagna
50%
Ukraine Andrey Karpov
44%
Great Britain Chris Harris
44%
Latvia Daniils Kolodinskis
44%
Latvia Kjasts Puodžuks
44%
Poland Szymon Woźniak
44%
Great Britain Tom Brennan
44%
Sweden Antonio Lindbäck
39%
Finland Antti Vuolas
39%
Slovenia Anže Grmek
39%
Great Britain Craig Cook
39%
Latvia Francis Gusts
39%
Russia Gleb Chugunov
39%
Australia Jaimon Lidsey
39%
Australia Keynan Rew
39%
Poland Maksym Drabik
39%
Slovenia Matic Ivačič
39%
Italy Nicolás Covatti
39%
Sweden Philip Hellström Bängs
39%
Poland Jakub Miśkowiak
33%
Latvia Jevgeņijs Kostigovs
33%
Slovenia Nick Škorja
33%
Ukraine Stanislav Melnychuk
33%
Norway Espen Sola
28%
Norway Glenn Moi
28%
Finland Jesse Mustonen
28%
Ukraine Marko Levishyn
28%
Latvia Oļegs Mihailovs
28%
France Steven Goret
28%
Poland Bartosz Smektała
22%
United States Broc Nicol
22%
United States Dillon Ruml
22%
Czech Republic Eduard Krčmář
22%
United States Gino Manzares
22%
Denmark Mads Hansen
22%
Russia Mark Karion
22%
Finland Timi Salonen
22%
Denmark Frederik Jakobsen
17%
Denmark Marcus Birkemose
17%
Sweden Peter Ljung
17%
Slovenia Denis Stojs
11%
Czech Republic Josef Franc
11%
Norway Lasse Fredriksen
11%
France Mathias Tresarrieu
11%
Sweden Pontus Aspgren
11%
Russia Sergey Logachev
11%
Finland Tero Aarnio
11%
Norway Truls Kamhaug
11%
Germany Valentin Grobauer
11%
United States Austin Novratil
6%
Sweden Filip Hjelmland
6%
France Gaetan Stella
6%
Germany Lukas Fienhage
6%
Italy Michele Menani
6%
Italy Nicolas Vicentin
6%
Finland Otto Raak
6%
Czech Republic Petr Chlupáč
6%
Ukraine Vitalii Lysak
6%
United States Blake Borello
0%
Italy Daniele Tessari
0%
Germany Michael Hartel
0%
Russia Vladimir Borodulin
0%
No matching quizzes found
Score Distribution
Percent of People with Each Score
Percentile by Number Answered
Your Score History
You have not taken this quiz since the last reset